000 00518nam a2200193Ia 4500
008 090124s9999 xx 000 0 und d
020 _a81-7828-71-x
082 _b46536
100 _aगोळे धनंजय
245 _a किम फिल्बी
250 _a1
260 _c2007
300 _a1700+02
600 _aगोळे धनंजय
630 _a किम फिल्बी
700 _aगोळे धनंजय
730 _a किम फिल्बी
942 _cBOOK
999 _c112747
_d112747